000 00632nam a2200205 a 4500
005 20230623063555.0
008 080410s2007 mx r 000 0 spa d
020 _a9789700915739
035 _aUPN01000155376
049 _aI
050 4 _aPZ71.2
_bP4.4
100 1 _aPeyrón Pichardo, Gabriela,
_d1955-
_943204
245 1 0 _aIsa no quiere /
_cGabriela Peyron ; il. de Simón Gerbaud.
260 _aMéxico :
_bNorma,
_c2007.
300 _a32 p. :
_bil. col.
440 0 _aTorre de papel.
_pNaranja
650 4 _aCuentos infantiles mexicanos
_97723
650 4 _aLIBROS Y LECTURA PARA NIÑOS -
_zMEXICO
_96110
905 _aInfantil
999 _c127491
_d127491